000 00935nmc a2200313 a 4500
003 AR-BaBNM
005 20251128204425.0
008 011101s1992 ||||||||||||||000 | spa||
020 _a950-13-6096-2
040 _cAR-BaBNM
100 1 _aHeinelt, Gottfried
245 1 0 _aMaestros creativos, alumnos creativos
260 _aBuenos Aires
_bKapelusz
_c1992
300 0 _a119 p.
_bgráfs.
490 0 _aBiblioteca de cultura pedagógica
504 _aContiene bibliografía en notas a pie de página
650 4 _aCREATIVIDAD
650 4 _aPSICOLOGIA DE LA EDUCACION
650 4 _aTEORIAS DE LA EDUCACION
650 4 _aRELACION ALUMNO-DOCENTE
650 4 _aTEORIAS DEL COMPORTAMIENTO
650 4 _aDESARROLLO DE LA CREATIVIDAD
650 4 _aDIAGNOSTICO EDUCACIONAL
650 4 _aPRUEBAS DE INTELIGENCIA
650 4 _aACTIVIDADES EN GRUPO
700 1 _aThomas, Juan Jorge
_etraductor
942 _cBK
998 _cSILVI
999 _c7381
_d7381